000 00778nam a2200253 a 4500
001 51657
003 BD-RjUL
005 20211209075708.0
008 310816s1964 gw a 000 0 ger
035 _a(BD-RjUL)51777
040 _aDLC
_cCarP
_dBD-RjUL
_beng
041 _aeng
082 _223
_a510
_bFAN 1964
100 1 _aFaddejewund, D.K
_9154421
245 1 0 _aNumerische Methoden der linearen Algebra /
_cD K Faddejew; W N Faddejewa
260 _aBerlin :
_bVEB Deutscher Verlag der Wissenschaften,
_c1964
300 _a771 p.:
_billus.;
_c24 cm.
650 0 _aAlgebras, Linear.
_9154422
650 0 _aMathematics
_9154425
650 0 _aNumerical analysis.
_9154423
700 1 _aFaddejewa, W.N
_ejoint author.
_9154424
942 _2ddc
_cBK
999 _c51657
_d51657